Laddar...
Business of Farming : A guide to farm business management in the tropics
| Huvudupphovsman: | |
|---|---|
| Materialtyp: | Printed Book |
| Språk: | Undetermined English |
| Publicerad: |
London
Mac Millan Publishers
1970
|
| Upplaga: | 2 |
| Ämnen: |
| LEADER | 00647nam a2200193Ia 4500 | ||
|---|---|---|---|
| 008 | 140306s9999 xx 000 0 und d | ||
| 020 | |a 0333499212 | ||
| 041 | |a eng | ||
| 082 | |a 630.685 |b JOH | ||
| 100 | |a Johnson, David T | ||
| 245 | |a Business of Farming : A guide to farm business management in the tropics | ||
| 250 | |a 2 | ||
| 260 | |a London |b Mac Millan Publishers |c 1970 | ||
| 300 | |a 377 | ||
| 650 | |a agriculture farming Business | ||
| 650 | |a Farming business | ||
| 942 | |2 ddc |c BK | ||
| 999 | |c 53020 |d 53020 | ||
| 952 | |0 0 |1 0 |2 ddc |4 0 |6 630_685000000000000_JOH |7 0 |9 69344 |a KAUACV |b KAUACV |d 2004-05-17 |o 630.685 JOH |p KAU_ACV-21836 |r 2014-03-22 |w 2014-03-22 |y BK | ||